Publiku sa treba neustále pripomínať Dnes hovoríme so speváčkou Ingrid Vranovičovou

Bibliographic Details
Main Authors: Ingola, 1973- (Author), Soviar, Juraj, 1973- (Author)
Format: Article
Language:Slovak
PhysicalDescription:Fotogr. 1
Subjects:

MARC

LEADER 00000nab a2200000 a 4500
001 vtls000610505
003 SK-MaSNL
005 20260303014603.0
008 160401c1997 xo 0 slo
015 |a SNBRB19rr/mm-uuuuu 
035 |a CL0610644 
040 |a SNKBUCL  |b slo  |c SNKBUCL  |e AACR2 
041 0 |a slo 
044 |a xo  |c SK 
080 |a 78.071.2:784.66  |2 1981 
080 |a 784.66  |2 1981 
100 0 |a Ingola,  |d 1973-  |4 aut  |9 17330 
245 1 0 |a Publiku sa treba neustále pripomínať  |b Dnes hovoríme so speváčkou Ingrid Vranovičovou  |c Ingrid Vranovičová, Juraj Soviar 
300 |b Fotogr. 1 
600 0 7 |a Ingola,  |d 1973-  |2 snkbucl  |9 17330 
655 7 |a rozhovory  |2 SNKPH  |9 31831 
655 7 |a články z novín a časopisov  |2 snkbucl  |9 267496 
700 1 |a Soviar, Juraj,  |d 1973-  |4 aut  |9 179562 
773 0 |t Pravda  |g Roč. 7, č. 24 (30. 1. 1997), s. 9 
850 |a Slovenská národná knižnica v Martine  |a MTA001 
852 |a SNK  |b KIS3GCP 
958 |a RK 
958 |a RBX 
999 |c 1608331  |d 1610261